000 00588nam a22001697a 4500
003 MACL
005 20150704132151.0
008 150704b xxu||||| |||| 00| 0 eng d
040 _cMACL
041 _aHindi
082 _a741.642
100 _aनीलाभ
_9555
245 _aआजादी का तीर्थ, बापू, ईदगाह, अच्‍छा जमींदार
260 _aइलाहाबाद
_bप्‍वाईन्‍ट पब्लिकेशन
_c2007
650 _aचिल्‍ड्रन बुक्‍स
_9343
942 _2ddc
_cHIN
999 _c49981
_d49981